Statistiken für Multiple Choice Quiz

Klicken Sie hier um das Quiz zu spielen!

Allgemein

  • Dieses Quiz wurde 9 mal gespielt
  • Das Durchschnittsergebnis liegt bei 6 aus 10

Antwortstatistiken

FrageAntwort% Korrekt
Wieviel ist 231485766:928347389???Keine Ahnung
100%
Was verbindest du mit Laschakv?Das gibt ne 6 noich
80%
ChaosFlo44
80%
SiuuuuuuuuuuuuuuuuuuSiiuuuuuuuuuuu
80%
Brrrrr skibidi dop dop Dop dopYes yes yes yes yes yes
80%
Lionel ScheißliAahaahahahahahahhhhahahahhha
60%
Deine Mutter wird gebuttertNa höööör maaaaaaaal!
60%
Snjdchöblv auzslnuvueszdgfvofhulvsfjfvsnvsdhvsfdvhffvjvhkjvfkjbvjbkbkjvfjklbvsjodabajfhbrupwefqpdwkcsdvjbieurwfecDown in Ohio, Swag like Ohio!!!!!!!!!!!!
40%
AsdfNix
40%
Deine Mudda ist dummVielleicht.
20%

Verteilung der Resultate

Perzentil nach korrekt beantworteten Fragen

Anzahl Personen mit jedem Resultat

Ihre Resultats-Entwicklung

Sie haben dieses Quiz noch nicht gespielt